{"text_format":"3","workbook":"xls","n_sheets":6,"sheets":["第五批项目","Sheet2","1标段","2标段","3标段","4标段"],"not_rendered":{"external_links":1,"defined_names":4},"read":"whole","date_system":"1900","formulas":"cached_only"}

{"sheet":"第五批项目","index":0,"n_rows":82,"n_cols":9,"rows_kept":82,"hidden":true,"merged":[[0,0,0,8],[2,0,2,8],[48,0,48,1],[81,0,81,1]],"flags":["formulas_cached_only"]}
["上饶市中心城区排水防涝提升工程（第五批项目）劳务分包工程量清单"]
["细目号","细目名称","单位","暂定工程量","控制单价（元）","控制合价（元）","清单解释","主要工作内容","计量规则"]
["1、总则"]
[1,"安全生产及行车干扰费","月",1,{"v":35439.097200000004,"d":"35439.10"},35439,"土建部分、雨水部分、污水部分、其他部分总价的1%"," 作业人员安全帽、反光衣、人身保险费，施工现场安全围挡、安全标识标牌、安全锥等安全设施设置、维护及转场，洒水降尘，安全锥、限速牌、导向牌、警示牌、爆闪灯按甲方要求购置，施工路段交通指挥、疏导（乙方（乙方每个施工点（每天24小时）必须配备至少2名以上安全员及交通维护员以及一辆安全巡查专用车）等与安全有关的工作内容。","本项是在本劳务分包工程量清单各细目综合单价中已包含安全经费的基础上综合考虑再增设的费用。本细目按计量进度支付，各项安全警示标志、导向牌等安全设施到位满足开工条件后计量支付0.2；其后每次计量支付0.1用于安全设施维修、补缺及安全人员等费用，累计计量支付至0.8，乙方全部完工退场后计量支付至0.9，本项目交工验收后计量至1.0。如乙方不配合，不服从业主、监理或甲方管理人员指挥，甲方将另外组织人员实施，费用甲方直接从乙方的安全生产费中扣除，不足部分则从乙方计量款中扣除。除施工区间公里桩、公告牌、限高架由甲方提供外，其余所有人工、材料、设备（含吊车、挖机、发电机及施工用电设施及甲方提供的安全设施的安装、维修等）等均由乙方提供及实施（围挡随施工点搬迁的费用、施工点导向警示牌、LED灯、爆闪灯、标志标牌、安全锥、基坑围挡、人身保险费、洒水车等），费用已含在综合单价中，不另行计量。施工过程中甲方仅只提供公里桩、公告牌、限高架，乙方应对甲方提供的安全设施进行维护、维修，如损耗过大超过10％，则超过的10％的部份由乙方承担费用，甲方将从乙方的计量款中扣除。"]
[2,"施工环保费","项",1,{"v":34880.7972,"d":"34880.80"},34881,"土建部分、雨水部分、污水部分、其他部分总价的2%","主线、施工便道等本工区范围内的洒水降尘、河道等水系污染的清理、水土保持、各种污染物、噪声、有害气体等的处理等与环境保护、文明施工相关的所有工作内容。","本项是在本劳务分包工程量清单各细目综合单价中已包含施工环保费用的基础上综合考虑再增设的费用。本细目按计量进度支付，每次计量支付0.1，累计计量支付至0.8，乙方全部完工并撤场后计量支付至0.9，本项目交工验收后计量至1.0。乙方必须满足本工区施工作业点、线内施工便道及线外施工便道的洒水降尘，水土保持、各种污染物、噪声、有害气体等的处理，符合国家对环境保护的要求，保障沿线居民的正常生活，满足施工需要。如乙方不配合，不服从业主、监理或甲方管理人员指挥，甲方将另外组织人员实施，费用甲方直接从乙方的施工环保费中扣除，不足部分则从乙方计量款中扣除。"]
["2、土石方工程"]
["3","破除路面","m3",1945.98,28.69,{"v":55830,"d":"55830.00"},"解释：切割（缝深10cm）11.29元/m3+（审后综合单价）破除10.20元/m3+装车2.77元/m3*1.085管理费*1.09税金＝28.69元/m3","    路面机械挖除、清理工作面（含解小至符合填筑要求）；挖、装、场内运输；填料分理、弃土整型、压实；.施工排水处理；路床顶面凿平、顶面凿毛或石渣填平压实、路床清理等所有与破除路面有关的工作内容。","        依据图纸所示，经现场实际验收为准，采用平均断面面积法计算，按照天然密实体积按双方核定的设计（含变更设计）内的数量以立方米为单位计量； 混凝土路面破碎、挖除、台阶开挖等排水等费用已含在综合单价中，不另行计量；安全防护及交通维护措施、安全人员、进出车辆冲洗（含社会车辆）等所需费用已含在综合单价中，不另行计量。\n"]
["4","挖土方\n","m3",14185.68,4.74,{"v":67240,"d":"67240.00"},"解释：依据审后综合单价4.35元/m3 ） *1.09税金＝4.74元/m3","沟槽开挖、新旧路衔接等特殊路基台阶设置；挖、装、二次转运；填料分理、弃土石方整型、压实；.施工排水处理；路床顶面以下挖松深 300mm 再压实、路床清理、交工验收等所有与挖土石方有关的工作内容。","依据图纸所示地面线、路基设计横断面图、图纸所示路基土石比例（实际如有不符，不予调整）并经现场实际验收合格，采用平均断面面积法计算，按照天然密实体积按双方核定的设计（含变更设计）内的数量以立方米为单位计量；沟槽开挖、台阶开挖、路床顶面以下挖松深300mm 再压实、安全防护及交通维护措施费等作为挖土方的附属工作，不另行计量；截水沟等排水等开挖土方费用已含在综合单价中，不另行计量。\n"]
[4,"挖石方\n","m3",1576.18,38.23,{"v":60257,"d":"60257.00"},"解释:依据依据审后综合单价35.07元/m3 ） *1.09税金＝38.23元/m3","石方低填浅挖、沟槽石方开挖、半填半挖、填挖交界、陡坡地段、新旧路衔接等特殊路基台阶设置；挖、装、二次转运；填料分理、弃土石方整型、压实；.施工排水处理；路床清理、交工验收等所有与挖土石方有关的工作内容。","依据图纸所示地面线、路基设计横断面图、图纸所示路基土石比例（实际如有不符，不予调整）并经现场实际验收合格，采用平均断面面积法计算，按照天然密实体积按双方核定的设计（含变更设计）内的数量以立方米为单位计量；破碎石方、挖石方、二次转运石方等作为挖石方的附属工作，不另行计量；截水沟等排水等开挖土方费用已含在综合单价中，不另行计量。\n"]
[5,"土石方运输  （15km包干）","m3",9335.59,27.25,{"v":254395,"d":"254395.00"},"解释：依据审后综合单价25*1.09=27.25元/m3","土方、石方运输至弃土场或用于施工便道便涵填筑及维护、施工便道及本工区社会车辆通行路段及施工点洒水抑尘；施工点运至弃土场沿线道路的清扫、清洗、抑尘；河道等水系污染的清理、水土保持、各种污染物、噪声、有害气体等的处理；弃土场整平及临时排水、弃土场污染处理、弃土整型、压实、进出车辆冲洗（含社会车辆）等所有与之有关的工作内容。","依据图纸所示地面线、路基设计横断面图、图纸所示路基土石比例（实际如有不符，不予调整）并经现场实际验收合格，采用平均断面面积法计算，按照天然密实体积按双方核定的实际发生的数量以立方米为单位计量；便道便涵填筑及维护、施工便道及本工区社会车辆通行路段及施工点洒水抑尘、进出车辆冲洗（含社会车辆）等费用已含在综合单价中，不另行计量；安全防护及交通维护措施、安全人员等所需费用已含在综合单价中，不另行计量；如弃土点需乙方整平，增加1.0元/m3的弃土整平及临时排水、污染处理等费用。本单价为运输1km费用（包含车队管理费、车队运输协调费、利润），运输至弃土点运距15km（包干）。"]
[6,"回填土","m3",6426.27,20.11,{"v":129232,"d":"129232.00"},"解释：（填土整平碾压夯实17元/m3）*管理费及利润1.085*税金1.09＝20.11元/m3。","    基底翻松、压实、挖台阶；.临时排水、 翻晒；机械整平、分层摊铺；洒水、压实（含小型机具夯实）、路基补强；路床整型、路床交验、等所有与回填方有关的工作内容。","    依据图纸所示地面线、路基设计横断面图并经现场实际验收合格，按平均断面面积法计算压实的体积，按双方核定的设计（含变更设计）内的数量以立方米为单位计量；满足施工需要，开挖及回填、预留路基宽度宽填的填方量、及台背回填及地面下沉增加的填方量、路基补强所需费用（含大型冲击锤补强，或者采用强夯机夯实发生的费用）、安全防护及交通维护措施、等作为路基填筑的附属工作，费用已含在综合单价中，不另行计量。特别说明：必须严格按照施工规范施工，确保路基压实度符合要求，当甲方发现填方路基完工后沉降可以随时要求乙方配备大型冲击锤补强，或者采用强夯机夯实，发生的费用由乙方承担。"]
[7,"回填砂","m3",4784.995,14.24,{"v":68138,"d":"68138.00"},"解释：（铺筑夯实12.04元/m3）*管理费及1.085*1.09税金=14.24元/m3","基坑回填山砂，夯实、埋设标桩；清理，弃方处理等所有与本项有关的内容。","本项是在本劳务分包工程量清单各细目综合单价中已包含人工回填夯实的基础上综合考虑再增设的费用。依据图纸所示位置，经现场实际验收合格按双方核定的设计（含变更设计）内的数量以立方米为单位计量；所有人工、材料、机械设备、进出车辆冲洗、安全防护设施、垃圾清运等均由乙方提供及实施，费用已含在综合单价中，不另计量。如乙方实施后造成地面下沉下陷等质量缺陷，所造成的一切经济损失由乙方负责承担。"]
["9","道路基层恢复","m3",2765.73,50.09,{"v":138535,"d":"138535.00"},"清工42.35元/m3*1.085管理费*1.09税金=50.09元/m3","检查和清理下承层、洒水湿润；模板制作、架设、安装、修理、拆除；混凝土浇筑、振捣、真空吸水、抹平、压（刻）纹， 养护；切缝、 灌缝；初期养护等有关的工作内容。","依据图纸所示位置及断面尺寸，并经现场实际验收合格按双方核定的设计（含变更设计）内的数量以立方米为单位计量；除混凝土由甲方提供外，所有人工、设备（含吊车、挖机、天泵、地泵、发电机及施工用电设施、台车等）、安全防护等均由乙方提供及实施，费用已含在综合单价中，不另行计量。"]
["10","恢复AC-13 CSBS改性细粒式沥青混凝土","m3",748.04,{"v":108.1,"d":"108.10"},{"v":80863,"d":"80863.00"},"解释：摊铺碾压养护洒油47元/T   *2.3=108.10元/m3）","检查和清理中面层、洒水湿润；沥青混凝土摊铺、压实， 养护；初期养护等有关的工作内容。","依据图纸所示位置及断面尺寸，并经现场实际验收合格按双方核定的设计（含变更设计）内的数量以立方米为单位计量；所有人工、材料、设备（含吊车、挖机、天泵、地泵、发电机及施工用电设施、台车等）、安全防护等均由乙方提供及实施，除沥青混凝土由甲方提供，费用已含在综合单价中，不另行计量。"]
["11","恢复AC-20C中粒式沥青混凝土","m3",1496.07,{"v":108.1,"d":"108.10"},{"v":161725,"d":"161725.00"},"解释：摊铺碾压养护洒油47元/T   *2.3=108.10元/m3）","检查和清理下承层、洒水湿润；沥青混凝土摊铺、压实， 养护；初期养护等有关的工作内容。","依据图纸所示位置及断面尺寸，并经现场实际验收合格按双方核定的设计（含变更设计）内的数量以立方米为单位计量；所有人工、材料、设备（含吊车、挖机、天泵、地泵、发电机及施工用电设施、台车等）、安全防护等均由乙方提供及实施，除沥青混凝土由甲方提供，费用已含在综合单价中，不另行计量。"]
["12","人行道地砖铺设","m2",{"v":3679,"d":"3679.00"},{"v":35.7,"d":"35.70"},{"v":131340,"d":"131340.00"},"解释：（铺砌火烧板：清工22.14+砂浆0.03*（水泥0.483t/m3*340元/t/1.13+砂1.04m3*122元/m3/1.03）*1.085*1.09＝35.7元/m2","场地平整；台阶整形；素砼浇筑；砂浆制备、铺筑、调平；火烧板搬运、铺贴；场地清理等所有与人行道块料铺设有关的工作内容。"," 依据图纸所示位置及断面尺寸，并经现场实际验收合格按双方核定的设计（含变更设计）内的数量以平方米为单位计量；除火烧板由甲方提供，其余所有材料（含砂浆）、设备、安全防护设施等均由乙方提供及实施，费用已含在综合单价中，不另行计量。"]
["13","绿化恢复（铺设草皮）","m2",{"v":730,"d":"730.00"},14.19,{"v":10359,"d":"10359.00"},"解释：材料费（10草皮*1.09税金*1.085管理费及利润+铺设及养护2*1.09税金*1.085管理费及利润＝14.19元/m","场地清理、回填种植土、整理绿化用地，草皮采购、运输、卸车，草皮铺设；浇水、施肥、除虫、补种、养护；场地清理，废弃物装卸运输等。","依据图纸所示位置及断面尺寸，并经现场实际验收合格按双方核定的设计（含变更设计）内的数量以平方米为单位计量；所有人工、材料、设备、安全防护等均由乙方提供及实施，费用已含在综合单价中，不另行计量。"]
["3、雨水部分"]
[27,"雨水管（HDPE双壁波纹管D200）","m",2357,2.59,{"v":6104.63,"d":"6105"},"解释：安装2.19元/m*1.085*1.09＝2.59元/m","   场地清理；围堰、排水，基坑支护；防水措施;管材卸车、安装、连接等所有与管节安装有关的工作内容。","    依据图纸所示位置及断面尺寸，并经现场实际验收合格按双方核定的设计（含变更设计）内的数量以米为单位计量；除管道材料由甲方采购外，其余所有材料、设备（含吊车、挖机、天泵、地泵、发电机及施工用电设施等）、安全防护等均由乙方提供及实施，费用已含在综合单价中，不另行计量。"]
[28,"雨水管（HDPE双壁波纹管D300）","m",2849,5.18,{"v":14757.82,"d":"14758"},"解释：安装4.38元/m*1.085*1.09＝5.18元/m","   场地清理；围堰、排水，基坑支护；防水措施;管材卸车、安装、连接等所有与管节安装有关的工作内容。","    依据图纸所示位置及断面尺寸，并经现场实际验收合格按双方核定的设计（含变更设计）内的数量以米为单位计量；除管道材料由甲方采购外，其余所有材料、设备（含吊车、挖机、天泵、地泵、发电机及施工用电设施等）、安全防护等均由乙方提供及实施，费用已含在综合单价中，不另行计量。"]
[29,"雨水管（HDPE双壁波纹管D400）","m",561,7.32,{"v":4106.52,"d":"4107"},"解释：安装6.19元/m*1.085*1.09＝7.32元/m","   场地清理；围堰、排水，基坑支护；防水措施;管材卸车、安装、连接等所有与管节安装有关的工作内容。","    依据图纸所示位置及断面尺寸，并经现场实际验收合格按双方核定的设计（含变更设计）内的数量以米为单位计量；除管道材料由甲方采购外，其余所有材料、设备（含吊车、挖机、天泵、地泵、发电机及施工用电设施等）、安全防护等均由乙方提供及实施，费用已含在综合单价中，不另行计量。"]
[30,"雨水管（HDPE双壁波纹管D500）","m",17,9.46,{"v":160.82000000000002,"d":"161"},"解释：安装8元/m*1.085*1.09＝9.46元/m","   场地清理；围堰、排水，基坑支护；防水措施;管材卸车、安装、连接等所有与管节安装有关的工作内容。","    依据图纸所示位置及断面尺寸，并经现场实际验收合格按双方核定的设计（含变更设计）内的数量以米为单位计量；除管道材料由甲方采购外，其余所有材料、设备（含吊车、挖机、天泵、地泵、发电机及施工用电设施等）、安全防护等均由乙方提供及实施，费用已含在综合单价中，不另行计量。"]
[31,"雨水管（HDPE双壁波纹管D600）","m",96,13.01,{"v":1248.96,"d":"1249"},"解释：安装11元/m*1.085*1.09＝13.01元/m","   场地清理；围堰、排水，基坑支护；防水措施;管材卸车、安装、连接等所有与管节安装有关的工作内容。","    依据图纸所示位置及断面尺寸，并经现场实际验收合格按双方核定的设计（含变更设计）内的数量以米为单位计量；除管道材料由甲方采购外，其余所有材料、设备（含吊车、挖机、天泵、地泵、发电机及施工用电设施等）、安全防护等均由乙方提供及实施，费用已含在综合单价中，不另行计量。"]
[32,"雨水管（HDPE双壁波纹管D800）","m",43,17.74,{"v":762.8199999999999,"d":"763"},"解释：安装15元/m*1.085*1.09＝17.74元/m","   场地清理；围堰、排水，基坑支护；防水措施;管材卸车、安装、连接等所有与管节安装有关的工作内容。","    依据图纸所示位置及断面尺寸，并经现场实际验收合格按双方核定的设计（含变更设计）内的数量以米为单位计量；除管道材料由甲方采购外，其余所有材料、设备（含吊车、挖机、天泵、地泵、发电机及施工用电设施等）、安全防护等均由乙方提供及实施，费用已含在综合单价中，不另行计量。"]
[33,"雨水管（II级钢筋混凝土管D300）","m",522,34,17748,"解释：安装28.75元/m*1.085*1.09＝34元/m"]
[34,"雨水检查井（砼预制井φ700）","座",114,404.47,{"v":46109.58,"d":"46110"},"解释：1、砼预制井（直径70cm）398元/座；2、c15混凝土基础(厚10cm）0.13m3/座*（清工86.31元/m3+C15：392元*0.7/m3/1.03）=45.85元/座；3、井盖：299元/座；\n合计：（742.85元/座-398元/座）*1.085*1.09=404.47元/座","基槽开挖；浇筑砼垫层，装卸运输、预埋；井孔口圈和井盖安装；基坑回填土，夯实；清理，弃方处理等所有与本项有关的内容。","依据图纸所示位置和规格、型号，经现场实际验收合格按双方核定的设计（含变更设计）内的数量以座为单位计量；除检查井由甲方采购外，其余所有材料、人工、机械设备、进出车辆冲洗、安全防护设施、井内垃圾清运等均由乙方提供及实施，费用已含在综合单价中，不另计量。"]
[35,"雨水检查井（砼预制井φ800）","座",2,450,900,null,"基槽开挖；浇筑砼垫层，装卸运输、预埋；井孔口圈和井盖安装；基坑回填土，夯实；清理，弃方处理等所有与本项有关的内容。","依据图纸所示位置和规格、型号，经现场实际验收合格按双方核定的设计（含变更设计）内的数量以座为单位计量；除检查井由甲方采购外，其余所有材料、人工、机械设备、进出车辆冲洗、安全防护设施、井内垃圾清运等均由乙方提供及实施，费用已含在综合单价中，不另计量。"]
[36,"雨水检查井（砼预制井φ1000）","座",26,550,14300,null,"基槽开挖；浇筑砼垫层，装卸运输、预埋；井孔口圈和井盖安装；基坑回填土，夯实；清理，弃方处理等所有与本项有关的内容。","依据图纸所示位置和规格、型号，经现场实际验收合格按双方核定的设计（含变更设计）内的数量以座为单位计量；除检查井由甲方采购外，其余所有材料、人工、机械设备、进出车辆冲洗、安全防护设施、井内垃圾清运等均由乙方提供及实施，费用已含在综合单价中，不另计量。"]
[37,"雨水检查井（砼预制井φ1250）","座",2,650,1300,null,"基槽开挖；浇筑砼垫层，装卸运输、预埋；井孔口圈和井盖安装；基坑回填土，夯实；清理，弃方处理等所有与本项有关的内容。","依据图纸所示位置和规格、型号，经现场实际验收合格按双方核定的设计（含变更设计）内的数量以座为单位计量；除检查井由甲方采购外，其余所有材料、人工、机械设备、进出车辆冲洗、安全防护设施、井内垃圾清运等均由乙方提供及实施，费用已含在综合单价中，不另计量。"]
[38,"雨水检查井（砼预制井φ1500）","座",1,750,750,null,"基槽开挖；浇筑砼垫层，装卸运输、预埋；井孔口圈和井盖安装；基坑回填土，夯实；清理，弃方处理等所有与本项有关的内容。","依据图纸所示位置和规格、型号，经现场实际验收合格按双方核定的设计（含变更设计）内的数量以座为单位计量；除检查井由甲方采购外，其余所有材料、人工、机械设备、进出车辆冲洗、安全防护设施、井内垃圾清运等均由乙方提供及实施，费用已含在综合单价中，不另计量。"]
[39,"雨水检查井（砼预制井500×500）","座",24,386.73,{"v":9281.52,"d":"9282"},"解释：1、砼预制井（50cm*50cm）398元/座；2、c15混凝土基础(厚10cm）0.081m3/座*（清工86.31元/m3+C15：392元*0.7/m3/1.03）=28.57元/座；3、井盖：299元/座；\n合计：（725.57元/座-398）*1.085*1.09=386.73元/座","基槽开挖；浇筑砼垫层，装卸运输、预埋；井孔口圈和井盖安装；基坑回填土，夯实；清理，弃方处理等所有与本项有关的内容。","依据图纸所示位置和规格、型号，经现场实际验收合格按双方核定的设计（含变更设计）内的数量以座为单位计量；除检查井由甲方采购外，其余所有材料、人工、机械设备、进出车辆冲洗、安全防护设施、井内垃圾清运等均由乙方提供及实施，费用已含在综合单价中，不另计量。"]
[40,"雨水小方井（砼预制井500×500）","座",16,386.73,{"v":6187.68,"d":"6188"},null,"基槽开挖；浇筑砼垫层，装卸运输、预埋；井孔口圈和井盖安装；基坑回填土，夯实；清理，弃方处理等所有与本项有关的内容。","依据图纸所示位置和规格、型号，经现场实际验收合格按双方核定的设计（含变更设计）内的数量以座为单位计量；除检查井由甲方采购外，其余所有材料、人工、机械设备、进出车辆冲洗、安全防护设施、井内垃圾清运等均由乙方提供及实施，费用已含在综合单价中，不另计量。"]
[41,"新建雨水接户管（pvcu管DE110）","m",907,2.37,{"v":2149.59,"d":"2150"},"解释：安装2元/m*1.085*1.09＝2.37元/m","   场地清理；围堰、排水，基坑支护；防水措施;管材卸车、安装、连接等所有与管节安装有关的工作内容。","    依据图纸所示位置及断面尺寸，并经现场实际验收合格按双方核定的设计（含变更设计）内的数量以米为单位计量；除管道材料由甲方采购外，其余所有材料、设备（含吊车、挖机、天泵、地泵、发电机及施工用电设施等）、安全防护等均由乙方提供及实施，费用已含在综合单价中，不另行计量。"]
["4、污水部分"]
[42,"污水管（HDPE缠绕结构B型管D200）","m",1530,2.59,{"v":3962.7,"d":"3963"},"解释：安装2.19元/m*1.085*1.09＝2.59元/m","   场地清理；围堰、排水，基坑支护；防水措施;管材卸车、安装、连接等所有与管节安装有关的工作内容。","    依据图纸所示位置及断面尺寸，并经现场实际验收合格按双方核定的设计（含变更设计）内的数量以米为单位计量；除管道材料由甲方采购外，其余所有材料、设备（含吊车、挖机、天泵、地泵、发电机及施工用电设施等）、安全防护等均由乙方提供及实施，费用已含在综合单价中，不另行计量。"]
[43,"污水管（HDPE缠绕结构B型管D300）","m",4810,5.18,{"v":24915.8,"d":"24916"},"解释：安装4.38元/m*1.085*1.09＝5.18元/m","   场地清理；围堰、排水，基坑支护；防水措施;管材卸车、安装、连接等所有与管节安装有关的工作内容。","    依据图纸所示位置及断面尺寸，并经现场实际验收合格按双方核定的设计（含变更设计）内的数量以米为单位计量；除管道材料由甲方采购外，其余所有材料、设备（含吊车、挖机、天泵、地泵、发电机及施工用电设施等）、安全防护等均由乙方提供及实施，费用已含在综合单价中，不另行计量。"]
[44,"污水管（HDPE缠绕结构B型管D400）","m",1318,7.32,{"v":9647.76,"d":"9648"},"解释：安装6.19元/m*1.085*1.09＝7.32元/m","   场地清理；围堰、排水，基坑支护；防水措施;管材卸车、安装、连接等所有与管节安装有关的工作内容。","    依据图纸所示位置及断面尺寸，并经现场实际验收合格按双方核定的设计（含变更设计）内的数量以米为单位计量；除管道材料由甲方采购外，其余所有材料、设备（含吊车、挖机、天泵、地泵、发电机及施工用电设施等）、安全防护等均由乙方提供及实施，费用已含在综合单价中，不另行计量。"]
[45,"污水管（HDPE缠绕结构B型管D500）","m",184,9.37,{"v":1724.08,"d":"1724"},"解释：安装8元/m*1.085*1.09＝9.46元/m","   场地清理；围堰、排水，基坑支护；防水措施;管材卸车、安装、连接等所有与管节安装有关的工作内容。","    依据图纸所示位置及断面尺寸，并经现场实际验收合格按双方核定的设计（含变更设计）内的数量以米为单位计量；除管道材料由甲方采购外，其余所有材料、设备（含吊车、挖机、天泵、地泵、发电机及施工用电设施等）、安全防护等均由乙方提供及实施，费用已含在综合单价中，不另行计量。"]
[46,"污水管（HDPE缠绕结构B型管D600）","m",207,13.01,{"v":2693.07,"d":"2693"},"解释：安装11元/m*1.085*1.09＝13.01元/m","   场地清理；围堰、排水，基坑支护；防水措施;管材卸车、安装、连接等所有与管节安装有关的工作内容。","    依据图纸所示位置及断面尺寸，并经现场实际验收合格按双方核定的设计（含变更设计）内的数量以米为单位计量；除管道材料由甲方采购外，其余所有材料、设备（含吊车、挖机、天泵、地泵、发电机及施工用电设施等）、安全防护等均由乙方提供及实施，费用已含在综合单价中，不另行计量。"]
[47,"污水检查井（砼预制井φ700）","座",192,404.47,{"v":77658.24,"d":"77658"},"解释：1、砼预制井（直径70cm）398元/座；2、c15混凝土基础(厚10cm）0.13m3/座*（清工86.31元/m3+C15：392元*0.7/m3/1.03）=45.85元/座；3、井盖：299元/座；\n合计：（742.85元/座-398元/座）*1.085*1.09=404.47元/座","基槽开挖；浇筑砼垫层，装卸运输、预埋；井孔口圈和井盖安装；基坑回填土，夯实；清理，弃方处理等所有与本项有关的内容。","依据图纸所示位置和规格、型号，经现场实际验收合格按双方核定的设计（含变更设计）内的数量以座为单位计量；除检查井由甲方采购外，其余所有材料、人工、机械设备、进出车辆冲洗、安全防护设施、井内垃圾清运等均由乙方提供及实施，费用已含在综合单价中，不另计量。"]
[48,"污水检查井（砼预制井φ800）","座",14,450,6300,null,"基槽开挖；浇筑砼垫层，装卸运输、预埋；井孔口圈和井盖安装；基坑回填土，夯实；清理，弃方处理等所有与本项有关的内容。","依据图纸所示位置和规格、型号，经现场实际验收合格按双方核定的设计（含变更设计）内的数量以座为单位计量；除检查井由甲方采购外，其余所有材料、人工、机械设备、进出车辆冲洗、安全防护设施、井内垃圾清运等均由乙方提供及实施，费用已含在综合单价中，不另计量。"]
[49,"污水检查井（砼预制井φ1000）","座",65,550,35750,null,"基槽开挖；浇筑砼垫层，装卸运输、预埋；井孔口圈和井盖安装；基坑回填土，夯实；清理，弃方处理等所有与本项有关的内容。","依据图纸所示位置和规格、型号，经现场实际验收合格按双方核定的设计（含变更设计）内的数量以座为单位计量；除检查井由甲方采购外，其余所有材料、人工、机械设备、进出车辆冲洗、安全防护设施、井内垃圾清运等均由乙方提供及实施，费用已含在综合单价中，不另计量。"]
[50,"污水检查井（砼预制井φ1500）","座",1,750,750,null,"基槽开挖；浇筑砼垫层，装卸运输、预埋；井孔口圈和井盖安装；基坑回填土，夯实；清理，弃方处理等所有与本项有关的内容。","依据图纸所示位置和规格、型号，经现场实际验收合格按双方核定的设计（含变更设计）内的数量以座为单位计量；除检查井由甲方采购外，其余所有材料、人工、机械设备、进出车辆冲洗、安全防护设施、井内垃圾清运等均由乙方提供及实施，费用已含在综合单价中，不另计量。"]
[51,"污水检查井（砼预制井φ1800）","座",1,850,850,null,"基槽开挖；浇筑砼垫层，装卸运输、预埋；井孔口圈和井盖安装；基坑回填土，夯实；清理，弃方处理等所有与本项有关的内容。","依据图纸所示位置和规格、型号，经现场实际验收合格按双方核定的设计（含变更设计）内的数量以座为单位计量；除检查井由甲方采购外，其余所有材料、人工、机械设备、进出车辆冲洗、安全防护设施、井内垃圾清运等均由乙方提供及实施，费用已含在综合单价中，不另计量。"]
[52,"污水检查井（砼预制井500×500）","座",100,386.73,38673,"解释：1、砼预制井（50cm*50cm）398元/座；2、c15混凝土基础(厚10cm）0.081m3/座*（清工86.31元/m3+C15：392元*0.7/m3/1.03）=28.57元/座；3、井盖：299元/座；\n合计：（725.57元/座-398）*1.085*1.09=386.73元/座","基槽开挖；浇筑砼垫层，装卸运输、预埋；井孔口圈和井盖安装；基坑回填土，夯实；清理，弃方处理等所有与本项有关的内容。","依据图纸所示位置和规格、型号，经现场实际验收合格按双方核定的设计（含变更设计）内的数量以座为单位计量；除检查井由甲方采购外，其余所有材料、人工、机械设备、进出车辆冲洗、安全防护设施、井内垃圾清运等均由乙方提供及实施，费用已含在综合单价中，不另计量。"]
[53,"污水检查井（砼预制井2400×2400）","座",1,3547.95,{"v":3547.95,"d":"3548"},"解释：安装3000元/m*1.085*1.09＝3547.95元/座","基槽开挖；浇筑砼垫层，装卸运输、预埋；井孔口圈和井盖安装；基坑回填土，夯实；清理，弃方处理等所有与本项有关的内容。","依据图纸所示位置和规格、型号，经现场实际验收合格按双方核定的设计（含变更设计）内的数量以座为单位计量；除检查井由甲方采购外，其余所有材料、人工、机械设备、进出车辆冲洗、安全防护设施、井内垃圾清运等均由乙方提供及实施，费用已含在综合单价中，不另计量。"]
[54,"新建污水接户管（UPVC管DE110）","m",1792,2.37,{"v":4247.04,"d":"4247"},"解释：安装2元/m*1.085*1.09＝2.37元/m","基槽开挖；浇筑砼垫层，装卸运输、预埋；井孔口圈和井盖安装；基坑回填土，夯实；清理，弃方处理等所有与本项有关的内容。","    依据图纸所示位置及断面尺寸，并经现场实际验收合格按双方核定的设计（含变更设计）内的数量以米为单位计量；除管道材料由甲方采购外，其余所有材料、设备（含吊车、挖机、天泵、地泵、发电机及施工用电设施等）、安全防护等均由乙方提供及实施，费用已含在综合单价中，不另行计量。"]
[55,"隔油池（1m3）","座",4,750,3000,null,"基槽开挖；浇筑砼垫层，装卸运输、预埋；井孔口圈和井盖安装；基坑回填土，夯实；清理，弃方处理等所有与本项有关的内容。","依据图纸所示位置和规格、型号，经现场实际验收合格按双方核定的设计（含变更设计）内的数量以座为单位计量；除检查井由甲方采购外，其余所有材料、人工、机械设备、进出车辆冲洗、安全防护设施、井内垃圾清运等均由乙方提供及实施，费用已含在综合单价中，不另计量。"]
["5、其他部分"]
[56,"现状管道及检查井清理","项",6,2000,12000,"参照审定综合单价","场地清理；围堰、排水，基坑支护；防水措施; 等所有与其有关的工作内容。","    依据图纸所示位置及断面尺寸，并经现场实际验收合格按双方核定的设计（含变更设计）内的数量作为结算依据；除管道、商品混凝土等主要材料由甲方采购外，其余所有材料、设备（含吊车、挖机、天泵、地泵、发电机及施工用电设施等）、安全防护等均由乙方提供及实施，费用已含在综合单价中，不另行计量。"]
[57,"现状井取洞及修复","座",485,839,406915,"参照审定综合单价","场地清理；围堰、排水，基坑支护；防水措施; 等所有与其有关的工作内容。","    依据图纸所示位置及断面尺寸，并经现场实际验收合格按双方核定的设计（含变更设计）内的数量作为结算依据；除管道、商品混凝土等主要材料由甲方采购外，其余所有材料、设备（含吊车、挖机、天泵、地泵、发电机及施工用电设施等）、安全防护等均由乙方提供及实施，费用已含在综合单价中，不另行计量。"]
[58,"现状管线保护","项",1,100000,100000,"暂定价","现状水、电、气、通信、交通等现状管线加固防护，砼、浇筑、模板、振捣、养护，或其它加固方式所需材料、安装、维护，场地清理等有关的工作内容。","       依据图纸所示位置及断面尺寸，并经现场实际验收合格按双方核定的设计（含变更设计）内的数量作为结算依据；所有材料、设备（含施工用电、发电机、小型机具设备设施等）、安全防护等均由乙方提供及实施，费用已含在综合单价中，不另行计量。"]
[59,"管道封堵","处",122,200,24400,"参照审定综合单价","场地清理；围堰、排水，基坑支护；防水措施;管材卸车、安装、连接等所有与其有关的工作内容。","    依据图纸所示位置及断面尺寸，并经现场实际验收合格按双方核定的设计（含变更设计）内的数量作为结算依据；除管道、商品混凝土等主要材料由甲方采购外，其余所有材料、设备（含吊车、挖机、天泵、地泵、发电机及施工用电设施等）、安全防护等均由乙方提供及实施，费用已含在综合单价中，不另行计量。"]
[60,"井室提升","座",73,512,37376,"参照审定综合单价","井筒加高、环梁 200x300 、MU15水泥实心砖\n M10水泥砂浆砌筑,内外防水砂浆抹面\n 原井筒凿掉100mm,凿毛处理并涂抹界面剂等所有与其有关的工作内容\n ","    依据图纸所示位置及断面尺寸，并经现场实际验收合格按双方核定的设计（含变更设计）内的数量作为结算依据；所有材料、设备（含施工用电、发电机、小型机具设备设施等）、安全防护等均由乙方提供及实施，费用已含在综合单价中，不另行计量。"]
[61,"管道废除（DN75-DN500）","m",2823,3.5,{"v":9880.5,"d":"9881"},"参照审定综合单价","场地清理；围堰、排水，基坑支护；防水措施;管材卸车、安装、连接等所有与其有关的工作内容。","    依据图纸所示位置及断面尺寸，并经现场实际验收合格按双方核定的设计（含变更设计）内的数量作为结算依据；除管道、商品混凝土等主要材料由甲方采购外，其余所有材料、设备（含吊车、挖机、天泵、地泵、发电机及施工用电设施等）、安全防护等均由乙方提供及实施，费用已含在综合单价中，不另行计量。"]
[62,"气囊封堵及拆除","处",584,257.21,{"v":150210.63999999998,"d":"150211"},"参照审定综合单价","气囊封堵及拆除等所有与其有关的工作内容。","依据图纸所示位置及断面尺寸，并经现场实际验收合格按双方核定的设计（含变更设计）内的数量以平方米为单位计量；所有人工、材料、设备、安全防护等均由乙方提供及实施，费用已含在综合单价中，不另行计量。"]
[63,"路灯、电杆加固防护","项",7,2000,14000,"暂定价","现状水、电、气、通信、交通等现状管线加固防护，砼、浇筑、模板、振捣、养护，或其它加固方式所需材料、安装、维护，场地清理等有关的工作内容。","       依据图纸所示位置及断面尺寸，并经现场实际验收合格按双方核定的设计（含变更设计）内的数量作为结算依据；所有材料、设备（含施工用电、发电机、小型机具设备设施等）、安全防护等均由乙方提供及实施，费用已含在综合单价中，不另行计量。"]
[64,"施工降排水","台班",200,250,50000,"参照审定综合单价","场地清理；围堰、排水，基坑支护；防水措施;管材卸车、安装、连接等所有与其有关的工作内容。","    依据图纸所示位置及断面尺寸，并经现场实际验收合格按双方核定的设计（含变更设计）内的数量作为结算依据； 所有材料、设备（含污水泵 200m、挖机、发电机及施工用电设施等）、安全防护等均由乙方提供及实施，费用已含在综合单价中，不另行计量。"]
[65,"热熔标线","m2",200,36,7200,"市场询价含9%税","清扫路面、定位放线、涂料制备、涂敷、漆划、养护等所有与标线有关的工作内容","依据图纸所示位置及断面尺寸，并经现场实际验收合格按双方核定的设计（含变更设计）内的数量以平方米为单位计量；所有人工、材料、设备、安全防护等均由乙方提供及实施，费用已含在综合单价中，不另行计量。"]
[66,"标线（划字、自行车）","个",10,50,500,"市场询价含9%税","清扫路面、定位放线、涂料制备、涂敷、漆划、养护等所有与标线有关的工作内容","依据图纸所示位置及断面尺寸，并经现场实际验收合格按双方核定的设计（含变更设计）内的数量以平方米为单位计量；所有人工、材料、设备、安全防护等均由乙方提供及实施，费用已含在综合单价中，不另行计量。"]
[67,"标线（3M箭头）","个",10,150,1500,"市场询价含9%税","清扫路面、定位放线、涂料制备、涂敷、漆划、养护等所有与标线有关的工作内容","依据图纸所示位置及断面尺寸，并经现场实际验收合格按双方核定的设计（含变更设计）内的数量以平方米为单位计量；所有人工、材料、设备、安全防护等均由乙方提供及实施，费用已含在综合单价中，不另行计量。"]
[68,"局部内衬修复（DN300）","处",7,1700,11900,"市场询价含9%税","局部内衬修复等所有与修复有关的工作内容","    依据图纸所示位置及断面尺寸，并经现场实际验收合格按双方核定的设计（含变更设计）内的数量作为结算依据；  所有材料、设备（含修复设备、材料、辅材、配件、发电机及施工用电设施、气体检测、通风等）、安全防护等均由乙方提供及实施，费用已含在综合单价中，不另行计量。"]
[69,"局部内衬修复（DN400）","处",48,2000,96000,"市场询价含9%税","局部内衬修复等所有与修复有关的工作内容","    依据图纸所示位置及断面尺寸，并经现场实际验收合格按双方核定的设计（含变更设计）内的数量作为结算依据；  所有材料、设备（含修复设备、材料、辅材、配件、发电机及施工用电设施、气体检测、通风等）、安全防护等均由乙方提供及实施，费用已含在综合单价中，不另行计量。"]
[70,"局部内衬修复（DN500）","处",9,2300,20700,"市场询价含9%税","局部内衬修复等所有与修复有关的工作内容","    依据图纸所示位置及断面尺寸，并经现场实际验收合格按双方核定的设计（含变更设计）内的数量作为结算依据；  所有材料、设备（含修复设备、材料、辅材、配件、发电机及施工用电设施、气体检测、通风等）、安全防护等均由乙方提供及实施，费用已含在综合单价中，不另行计量。"]
[71,"局部内衬修复（DN600）","处",21,2800,58800,"市场询价含9%税","局部内衬修复等所有与修复有关的工作内容","    依据图纸所示位置及断面尺寸，并经现场实际验收合格按双方核定的设计（含变更设计）内的数量作为结算依据；  所有材料、设备（含修复设备、材料、辅材、配件、发电机及施工用电设施、气体检测、通风等）、安全防护等均由乙方提供及实施，费用已含在综合单价中，不另行计量。"]
[72,"局部内衬修复（DN700）","处",2,3100,6200,"市场询价含9%税","局部内衬修复等所有与修复有关的工作内容","    依据图纸所示位置及断面尺寸，并经现场实际验收合格按双方核定的设计（含变更设计）内的数量作为结算依据；  所有材料、设备（含修复设备、材料、辅材、配件、发电机及施工用电设施、气体检测、通风等）、安全防护等均由乙方提供及实施，费用已含在综合单价中，不另行计量。"]
[73,"局部内衬修复（DN800）","处",17,3500,59500,"市场询价含9%税","局部内衬修复等所有与修复有关的工作内容","    依据图纸所示位置及断面尺寸，并经现场实际验收合格按双方核定的设计（含变更设计）内的数量作为结算依据；  所有材料、设备（含修复设备、材料、辅材、配件、发电机及施工用电设施、气体检测、通风等）、安全防护等均由乙方提供及实施，费用已含在综合单价中，不另行计量。"]
[74,"局部内衬修复（DN1000）","处",10,4000,40000,"市场询价含9%税","局部内衬修复等所有与修复有关的工作内容","    依据图纸所示位置及断面尺寸，并经现场实际验收合格按双方核定的设计（含变更设计）内的数量作为结算依据；  所有材料、设备（含修复设备、材料、辅材、配件、发电机及施工用电设施、气体检测、通风等）、安全防护等均由乙方提供及实施，费用已含在综合单价中，不另行计量。"]
[75,"局部内衬修复（DN1200）","处",2,4500,9000,"市场询价含9%税","局部内衬修复等所有与修复有关的工作内容","    依据图纸所示位置及断面尺寸，并经现场实际验收合格按双方核定的设计（含变更设计）内的数量作为结算依据；  所有材料、设备（含修复设备、材料、辅材、配件、发电机及施工用电设施、气体检测、通风等）、安全防护等均由乙方提供及实施，费用已含在综合单价中，不另行计量。"]
[76,"整体紫外光内衬修复（DN300）","米",119,1000,119000,"市场询价含9%税","整体紫外光内衬修复等所有与紫外光修复有关的工作内容","    依据图纸所示位置及断面尺寸，并经现场实际验收合格按双方核定的设计（含变更设计）内的数量作为结算依据；  所有材料、设备（含修复设备、材料、辅材、配件、发电机及施工用电设施、气体检测、通风等）、安全防护等均由乙方提供及实施，费用已含在综合单价中，不另行计量。"]
[77,"整体紫外光内衬修复（DN400）","米",383,1150,440450,"市场询价含9%税","整体紫外光内衬修复等所有与紫外光修复有关的工作内容","    依据图纸所示位置及断面尺寸，并经现场实际验收合格按双方核定的设计（含变更设计）内的数量作为结算依据；  所有材料、设备（含修复设备、材料、辅材、配件、发电机及施工用电设施、气体检测、通风等）、安全防护等均由乙方提供及实施，费用已含在综合单价中，不另行计量。"]
[78,"整体紫外光内衬修复（DN500）","米",90,1300,117000,"市场询价含9%税","整体紫外光内衬修复等所有与紫外光修复有关的工作内容","    依据图纸所示位置及断面尺寸，并经现场实际验收合格按双方核定的设计（含变更设计）内的数量作为结算依据；  所有材料、设备（含修复设备、材料、辅材、配件、发电机及施工用电设施、气体检测、通风等）、安全防护等均由乙方提供及实施，费用已含在综合单价中，不另行计量。"]
[79,"整体紫外光内衬修复（DN600）","米",58,1500,87000,"市场询价含9%税","整体紫外光内衬修复等所有与紫外光修复有关的工作内容","    依据图纸所示位置及断面尺寸，并经现场实际验收合格按双方核定的设计（含变更设计）内的数量作为结算依据；  所有材料、设备（含修复设备、材料、辅材、配件、发电机及施工用电设施、气体检测、通风等）、安全防护等均由乙方提供及实施，费用已含在综合单价中，不另行计量。"]
[80,"树根清理、障碍物清理","处",223,440,98120,"参照审定综合单价","树根清理、障碍物清理等所有与其有关的工作内容","   依据图纸所示位置及断面尺寸，并经现场实际验收合格按双方核定的设计（含变更设计）内的数量作为结算依据；所有材料、设备（含施工用电、发电机、小型机具设备设施等）、安全防护等均由乙方提供及实施，费用已含在综合单价中，不另行计量。"]
[81,"管道接驳","处",103,500,51500,"参照审定综合单价","现状管道接驳等所有与其有关的工作内容","   依据图纸所示位置及断面尺寸，并经现场实际验收合格按双方核定的设计（含变更设计）内的数量作为结算依据；所有材料、设备（含施工用电、发电机、小型机具设备设施等）、安全防护等均由乙方提供及实施，费用已含在综合单价中，不另行计量。"]
[82,"路缘石拆除及恢复（新建）","米",200,72.7,14540,"参照审定综合单价","安砌侧(平、缘）石（新建）等所有与其有关的工作内容","   依据图纸所示位置及断面尺寸，并经现场实际验收合格按双方核定的设计（含变更设计）内的数量作为结算依据；所有材料、设备（含施工用电、发电机、小型机具设备设施等）、安全防护等均由乙方提供及实施，费用已含在综合单价中，不另行计量。"]
[83,"路缘石拆除及恢复（利用原材料）","米",200,13.58,2716,"参照审定综合单价","安砌侧(平、缘）石（利用原材料）等所有与其有关的工作内容","   依据图纸所示位置及断面尺寸，并经现场实际验收合格按双方核定的设计（含变更设计）内的数量作为结算依据；所有材料、设备（含施工用电、发电机、小型机具设备设施等）、安全防护等均由乙方提供及实施，费用已含在综合单价中，不另行计量。"]
[]
[]
[]
[]
["合计",{"$nulls":4},{"v":3611513.72,"d":"3611514"}]

{"sheet":"Sheet2","index":1,"n_rows":18,"n_cols":13,"rows_kept":18,"hidden":true,"merged":[[2,12,17,12]],"flags":["formulas_cached_only"]}
[]
["序号","管径（m）","管道面积（m2）","开挖土方面积（m2）","破碎路面面积（m2）","回填砂面积（m2）","回填土面积（m2）","长度（m）","开挖土方（m3）","破碎路面（m3）","回填砂（m3）","回填土（m3）","备注"]
[null,0.225,{"v":0.039740625,"d":"0.040"},{"v":0.84375,"d":"0.844"},{"v":0.09375,"d":"0.094"},{"v":0.569634375,"d":"0.570"},{"v":0.328125,"d":"0.328"},null,{"v":0,"d":"0.00"},{"v":0,"d":"0.00"},{"v":0,"d":"0.00"},{"v":0,"d":"0.00"},"开挖高度暂按1.5m计算，破碎路面按15cm厚计算，管道开挖宽度按单边20cm计算。"]
[null,0.3,{"v":0.07064999999999999,"d":"0.071"},0.945,0.105,{"v":0.66435,"d":"0.664"},0.315,135,{"v":127.57499999999999,"d":"127.58"},{"v":14.174999999999999,"d":"14.18"},{"v":89.68725,"d":"89.69"},{"v":42.525,"d":"42.53"}]
[null,0.315,{"v":0.077891625,"d":"0.078"},{"v":0.9652500000000002,"d":"0.965"},{"v":0.10725000000000001,"d":"0.107"},{"v":0.6835833750000002,"d":"0.684"},{"v":0.31102500000000005,"d":"0.311"},null,{"v":0,"d":"0.00"},{"v":0,"d":"0.00"},{"v":0,"d":"0.00"},{"v":0,"d":"0.00"}]
[null,0.5,{"v":0.19625,"d":"0.196"},1.215,0.135,{"v":0.9287500000000001,"d":"0.929"},0.225,12,{"v":14.580000000000002,"d":"14.58"},1.62,{"v":11.145000000000001,"d":"11.15"},{"v":2.7,"d":"2.70"}]
[null,0.11,{"v":0.009498500000000002,"d":"0.009"},{"v":0.6885000000000001,"d":"0.689"},{"v":0.0765,"d":"0.077"},{"v":0.42910150000000014,"d":"0.429"},{"v":0.3264,"d":"0.326"},null,{"v":0,"d":"0.00"},{"v":0,"d":"0.00"},{"v":0,"d":"0.00"},{"v":0,"d":"0.00"}]
[null,0.16,{"v":0.020096000000000003,"d":"0.020"},{"v":0.7560000000000001,"d":"0.756"},0.084,{"v":0.48950400000000005,"d":"0.490"},{"v":0.3304,"d":"0.330"},null,{"v":0,"d":"0.00"},{"v":0,"d":"0.00"},{"v":0,"d":"0.00"},{"v":0,"d":"0.00"}]
[null,0.6,{"v":0.28259999999999996,"d":"0.283"},{"v":1.35,"d":"1.350"},{"v":0.15,"d":"0.150"},{"v":1.0674000000000001,"d":"1.067"},{"v":0.15000000000000002,"d":"0.150"},59,79.65,8.85,{"v":62.976600000000005,"d":"62.98"},{"v":8.850000000000001,"d":"8.85"}]
[null,0.225,{"v":0.039740625,"d":"0.040"},{"v":0.84375,"d":"0.844"},{"v":0.09375,"d":"0.094"},{"v":0.569634375,"d":"0.570"},{"v":0.328125,"d":"0.328"},null,{"v":0,"d":"0.00"},{"v":0,"d":"0.00"},{"v":0,"d":"0.00"},{"v":0,"d":"0.00"}]
[null,0.3,{"v":0.07064999999999999,"d":"0.071"},0.945,0.105,{"v":0.66435,"d":"0.664"},0.315,null,{"v":0,"d":"0.00"},{"v":0,"d":"0.00"},{"v":0,"d":"0.00"},{"v":0,"d":"0.00"}]
[null,0.315,{"v":0.077891625,"d":"0.078"},{"v":0.9652500000000002,"d":"0.965"},{"v":0.10725000000000001,"d":"0.107"},{"v":0.6835833750000002,"d":"0.684"},{"v":0.31102500000000005,"d":"0.311"},null,{"v":0,"d":"0.00"},{"v":0,"d":"0.00"},{"v":0,"d":"0.00"},{"v":0,"d":"0.00"}]
[null,0.4,{"v":0.12560000000000002,"d":"0.126"},{"v":1.08,"d":"1.080"},{"v":0.12,"d":"0.120"},{"v":0.7944000000000002,"d":"0.794"},{"v":0.27999999999999997,"d":"0.280"},164,177.12,19.68,{"v":130.28160000000003,"d":"130.28"},{"v":45.919999999999995,"d":"45.92"}]
[null,0.11,{"v":0.009498500000000002,"d":"0.009"},{"v":0.6885000000000001,"d":"0.689"},{"v":0.0765,"d":"0.077"},{"v":0.42910150000000014,"d":"0.429"},{"v":0.3264,"d":"0.326"},null,{"v":0,"d":"0.00"},{"v":0,"d":"0.00"},{"v":0,"d":"0.00"},{"v":0,"d":"0.00"}]
[null,0.8,{"v":0.5024000000000001,"d":"0.502"},{"v":2.2200000000000006,"d":"2.220"},{"v":0.18000000000000002,"d":"0.180"},{"v":1.1776000000000004,"d":"1.178"},{"v":0.7200000000000002,"d":"0.720"},19,{"v":42.180000000000014,"d":"42.18"},{"v":3.4200000000000004,"d":"3.42"},{"v":22.37440000000001,"d":"22.37"},{"v":13.680000000000003,"d":"13.68"}]
[null,0.075,{"v":0.004415624999999999,"d":"0.004"},{"v":0.6412500000000001,"d":"0.641"},{"v":0.07125000000000001,"d":"0.071"},{"v":0.38745937500000005,"d":"0.387"},{"v":0.32062500000000005,"d":"0.321"},null,{"v":0,"d":"0.00"},{"v":0,"d":"0.00"},{"v":0,"d":"0.00"},{"v":0,"d":"0.00"}]
[null,0.2,{"v":0.031400000000000004,"d":"0.031"},{"v":0.8100000000000002,"d":"0.810"},{"v":0.09000000000000001,"d":"0.090"},{"v":0.5386000000000001,"d":"0.539"},{"v":0.33000000000000007,"d":"0.330"},111,{"v":89.91000000000003,"d":"89.91"},{"v":9.990000000000002,"d":"9.99"},{"v":59.78460000000001,"d":"59.78"},{"v":36.63000000000001,"d":"36.63"}]
[null,"总计：",{"$nulls":6},{"v":531.0150000000001,"d":"531.02"},{"v":57.735,"d":"57.74"},{"v":376.2494500000001,"d":"376.25"},{"v":150.305,"d":"150.31"}]

{"sheet":"1标段","index":2,"n_rows":6,"n_cols":8,"rows_kept":6,"merged":[[0,0,0,7],[4,0,4,2],[5,0,5,2]],"flags":["formulas_cached_only"]}
["上饶市中心城区排水防涝提升工程设计采购施工总承包(EPC）水南片区水南街雨污分流改造工程-支护工程1标段"]
["细目号","细目名称","单位","暂定工程量","控制单价（元）","控制合价（元）","主要工作内容","计量规则"]
[1,"6m钢板桩（III型）支护","延米",{"v":818,"d":"818.00"},384.36,{"v":314406.48000000004,"d":"314406"},"包括但不限于场地清理、排水、9m钢板桩租赁、型钢（工字钢）租赁、导沟开挖、定位架搭设、打桩机、钢板桩打设、拔出、码放、整理、回收、运费、二次搬运费、撵缝止水、型钢支撑安装（4-6m设置一道）、桩孔回填（灌砂或注浆）等所有施工内容，包水电费、文明施工费、利润、管理费、风险费等所有与完成此工程有关的工作内容。","依据图纸及现场实际数量，经现场验收合格按米为单位进行计取，并以双方现场实际打设数量作为结算依据；包括但不限于所有所有完成此项施工内容所需材料、钢板桩租赁、设备（打桩机、发电机、柴油、开关箱等）、人工、安全防护等均有乙方提供及实施。费用已含在综合单价中。"]
[2,"9m钢板桩（III型）支护","根",{"v":100,"d":"100.00"},709.59,70959,"包括但不限于场地清理、排水、9m钢板桩租赁、型钢（工字钢）租赁、导沟开挖、定位架搭设、打桩机、钢板桩打设、拔出、码放、整理、回收、运费、二次搬运费、撵缝止水、型钢支撑安装（4-6m设置一道）、桩孔回填（灌砂或注浆）等所有施工内容，包水电费、文明施工费、利润、管理费、风险费等所有与完成此工程有关的工作内容。","依据图纸及现场实际数量，经现场验收合格按米为单位进行计取，并以双方现场实际打设数量作为结算依据；包括但不限于所有所有完成此项施工内容所需材料、钢板桩租赁、设备（打桩机、发电机、柴油、开关箱等）、人工、安全防护等均有乙方提供及实施。费用已含在综合单价中。"]
["分页小计：",{"$nulls":4},{"v":385365.48000000004,"d":"385365"}]
["总价",{"$nulls":4},{"v":385365.48000000004,"d":"385365"}]

{"sheet":"2标段","index":3,"n_rows":6,"n_cols":8,"rows_kept":6,"merged":[[0,0,0,7],[4,0,4,2],[5,0,5,2]],"flags":["formulas_cached_only"]}
["上饶市中心城区排水防涝提升工程设计采购施工总承包(EPC）水南片区水南街雨污分流改造工程-支护工程2标段"]
["细目号","细目名称","单位","暂定工程量","控制单价（元）","控制合价（元）","主要工作内容","计量规则"]
[1,"6m钢板桩（III型）支护","延米",{"v":874,"d":"874.00"},384.36,{"v":335930.64,"d":"335931"},"包括但不限于场地清理、排水、9m钢板桩租赁、型钢（工字钢）租赁、导沟开挖、定位架搭设、打桩机、钢板桩打设、拔出、码放、整理、回收、运费、二次搬运费、撵缝止水、型钢支撑安装（4-6m设置一道）、桩孔回填（灌砂或注浆）等所有施工内容，包水电费、文明施工费、利润、管理费、风险费等所有与完成此工程有关的工作内容。","依据图纸及现场实际数量，经现场验收合格按米为单位进行计取，并以双方现场实际打设数量作为结算依据；包括但不限于所有所有完成此项施工内容所需材料、钢板桩租赁、设备（打桩机、发电机、柴油、开关箱等）、人工、安全防护等均有乙方提供及实施。费用已含在综合单价中。"]
[2,"9m钢板桩（III型）支护","根",{"v":150,"d":"150.00"},709.59,{"v":106438.5,"d":"106439"},"包括但不限于场地清理、排水、9m钢板桩租赁、型钢（工字钢）租赁、导沟开挖、定位架搭设、打桩机、钢板桩打设、拔出、码放、整理、回收、运费、二次搬运费、撵缝止水、型钢支撑安装（4-6m设置一道）、桩孔回填（灌砂或注浆）等所有施工内容，包水电费、文明施工费、利润、管理费、风险费等所有与完成此工程有关的工作内容。","依据图纸及现场实际数量，经现场验收合格按米为单位进行计取，并以双方现场实际打设数量作为结算依据；包括但不限于所有所有完成此项施工内容所需材料、钢板桩租赁、设备（打桩机、发电机、柴油、开关箱等）、人工、安全防护等均有乙方提供及实施。费用已含在综合单价中。"]
["分页小计：",{"$nulls":4},{"v":442369.14,"d":"442369"}]
["总价",{"$nulls":4},{"v":442369.14,"d":"442369"}]

{"sheet":"3标段","index":4,"n_rows":6,"n_cols":8,"rows_kept":6,"merged":[[0,0,0,7],[4,0,4,2],[5,0,5,2]],"flags":["formulas_cached_only"]}
["上饶市中心城区排水防涝提升工程设计采购施工总承包(EPC）水南片区水南街雨污分流改造工程-支护工程3标段"]
["细目号","细目名称","单位","暂定工程量","控制单价（元）","控制合价（元）","主要工作内容","计量规则"]
[1,"6m钢板桩（III型）支护","延米",{"v":1188,"d":"1188.00"},384.36,{"v":456619.68,"d":"456620"},"包括但不限于场地清理、排水、9m钢板桩租赁、型钢（工字钢）租赁、导沟开挖、定位架搭设、打桩机、钢板桩打设、拔出、码放、整理、回收、运费、二次搬运费、撵缝止水、型钢支撑安装（4-6m设置一道）、桩孔回填（灌砂或注浆）等所有施工内容，包水电费、文明施工费、利润、管理费、风险费等所有与完成此工程有关的工作内容。","依据图纸及现场实际数量，经现场验收合格按米为单位进行计取，并以双方现场实际打设数量作为结算依据；包括但不限于所有所有完成此项施工内容所需材料、钢板桩租赁、设备（打桩机、发电机、柴油、开关箱等）、人工、安全防护等均有乙方提供及实施。费用已含在综合单价中。"]
[2,"9m钢板桩（III型）支护","根",{"v":60,"d":"60.00"},709.59,{"v":42575.4,"d":"42575"},"包括但不限于场地清理、排水、9m钢板桩租赁、型钢（工字钢）租赁、导沟开挖、定位架搭设、打桩机、钢板桩打设、拔出、码放、整理、回收、运费、二次搬运费、撵缝止水、型钢支撑安装（4-6m设置一道）、桩孔回填（灌砂或注浆）等所有施工内容，包水电费、文明施工费、利润、管理费、风险费等所有与完成此工程有关的工作内容。","依据图纸及现场实际数量，经现场验收合格按米为单位进行计取，并以双方现场实际打设数量作为结算依据；包括但不限于所有所有完成此项施工内容所需材料、钢板桩租赁、设备（打桩机、发电机、柴油、开关箱等）、人工、安全防护等均有乙方提供及实施。费用已含在综合单价中。"]
["分页小计：",{"$nulls":4},{"v":499195.08,"d":"499195"}]
["总价",{"$nulls":4},{"v":499195.08,"d":"499195"}]

{"sheet":"4标段","index":5,"n_rows":6,"n_cols":8,"rows_kept":6,"merged":[[0,0,0,7],[4,0,4,2],[5,0,5,2]],"flags":["formulas_cached_only"]}
["上饶市中心城区排水防涝提升工程设计采购施工总承包(EPC）水南片区水南街雨污分流改造工程-支护工程4标段"]
["细目号","细目名称","单位","暂定工程量","控制单价（元）","控制合价（元）","主要工作内容","计量规则"]
[1,"6m钢板桩（III型）支护","延米",{"v":1126,"d":"1126.00"},384.36,{"v":432789.36000000004,"d":"432789"},"包括但不限于场地清理、排水、9m钢板桩租赁、型钢（工字钢）租赁、导沟开挖、定位架搭设、打桩机、钢板桩打设、拔出、码放、整理、回收、运费、二次搬运费、撵缝止水、型钢支撑安装（4-6m设置一道）、桩孔回填（灌砂或注浆）等所有施工内容，包水电费、文明施工费、利润、管理费、风险费等所有与完成此工程有关的工作内容。","依据图纸及现场实际数量，经现场验收合格按米为单位进行计取，并以双方现场实际打设数量作为结算依据；包括但不限于所有所有完成此项施工内容所需材料、钢板桩租赁、设备（打桩机、发电机、柴油、开关箱等）、人工、安全防护等均有乙方提供及实施。费用已含在综合单价中。"]
[2,"9m钢板桩（III型）支护","延米",{"v":80,"d":"80.00"},709.59,{"v":56767.200000000004,"d":"56767"},"包括但不限于场地清理、排水、9m钢板桩租赁、型钢（工字钢）租赁、导沟开挖、定位架搭设、打桩机、钢板桩打设、拔出、码放、整理、回收、运费、二次搬运费、撵缝止水、型钢支撑安装（4-6m设置一道）、桩孔回填（灌砂或注浆）等所有施工内容，包水电费、文明施工费、利润、管理费、风险费等所有与完成此工程有关的工作内容。","依据图纸及现场实际数量，经现场验收合格按米为单位进行计取，并以双方现场实际打设数量作为结算依据；包括但不限于所有所有完成此项施工内容所需材料、钢板桩租赁、设备（打桩机、发电机、柴油、开关箱等）、人工、安全防护等均有乙方提供及实施。费用已含在综合单价中。"]
["分页小计：",{"$nulls":4},{"v":489556.56000000006,"d":"489557"}]
["总价",{"$nulls":4},{"v":489556.56000000006,"d":"489557"}]